000
00253nam a2200097Ia 4500
001
1102178
005
20250827003316.0
008
250824s9999 xx 000 0 und d
245
0
_a
BELLEK VE BAŞKA TUZAKLAR
_c
AYKUT ERTUĞRUL
260
_b
KETEBE YAYINLARI
999
_c
1102178
_d
1102178